ბათუმის შოთა რუსთაველის სახელმწიფო უნივერსიტეტის ბიბლიოთეკა

ისტორიული მოთხრობები (ბიბ.ჩანაწერი № 48644)

000 -LEADER
fixed length control field 01162nam a2200217Ia 4500
001 - CONTROL NUMBER
control field 15544
003 - CONTROL NUMBER IDENTIFIER
control field GE_BSU
008 - FIXED-LENGTH DATA ELEMENTS--GENERAL INFORMATION
fixed length control field 181216s||||||||xx |||||||||||||| ||und||
040 ## - CATALOGING SOURCE
Transcribing agency GE_BSU
080 ## - UNIVERSAL DECIMAL CLASSIFICATION NUMBER
Universal Decimal Classification number 821.161.1-311.6+82-93
100 ## - MAIN ENTRY--PERSONAL NAME
Personal name ალექსეევი, ს.
245 ## - TITLE STATEMENT
Title ისტორიული მოთხრობები
245 ## - TITLE STATEMENT
Statement of responsibility, etc. თარგმნა ო. ნოდიამ. რედ.მ. მენთეშაშვილი
260 ## - PUBLICATION, DISTRIBUTION, ETC.
Place of publication, distribution, etc. თბილისი
260 ## - PUBLICATION, DISTRIBUTION, ETC.
Name of publisher, distributor, etc. განათლება
260 ## - PUBLICATION, DISTRIBUTION, ETC.
Date of publication, distribution, etc. 1984
300 ## - PHYSICAL DESCRIPTION
Extent 600გვ.22სმ.
653 ## - INDEX TERM--UNCONTROLLED
Uncontrolled term ისტორიული მოთხრობები
653 ## - INDEX TERM--UNCONTROLLED
Uncontrolled term ისტორიული მოთხრობები; მოთხრობები დიდი სამამულო ომის ისტორიიდან; მოთხრობები ვოლგისპირა დიად ბრძოლაზე; მოთხრობები ბერლინის ბრძოლაზე, მის დალაშქვრასა და საბოლოო გამარჯვებაზე
942 ## - ADDED ENTRY ELEMENTS (KOHA)
Koha item type წიგნი
ეგზემპლარები
Withdrawn status Lost status Damaged status Not for loan Date acquired Barcode Date last seen Price effective from Koha item type
        2018-12-17 21098 2018-12-17 2018-12-17 წიგნი